Quizzes
Events
Quiz Creation
Community
Videos
Private Events
Remove Ads
Sign In
Join for FREE
Feedback
Dark Mode
Quiz Categories
Sports
Geography
Music
Movies
Television
Just For Fun
Miscellaneous
History
Literature
Language
Science
Gaming
Entertainment
Religion
Holiday
For Kids
Quiz Lab
Recent
Popular Today
Quiz Kudos Today
Editor Picks
Curator Picks
Quizzes by...
Day
Popularity
Type
Ratings
Length
Year
Community
Subscriptions
Recent Discussions
Orange Saloon
Badges
Playlists
Quests
Create
Leaderboards
Showdown
Live 5
Trivia Bingo
Activity
Puzzle Library
Sporcle Events
Private Events
Virtual Trivia
Globe League
Become a Host
Pub Owners
SporcleCon
Opinionation
Our Games
Videos
Blog
Mobile Apps
Partnerships
Remove Ads and Go Orange
Feedback
Movies
Disney
Marvel Cinematic Universe
Movie Resume
Movie Titles
Oscar
Actor
Actress
Director
Pixar
Role
Movie Quotes
Movie Characters
Box Office
Nominee
Best Picture
Star Wars
James Bond
Horror Movies
Movies
Disney
Marvel Cinematic Universe
Movie Resume
Movie Titles
Oscar
Actor
Actress
Director
Pixar
Role
Movie Quotes
Movie Characters
Box Office
Nominee
Best Picture
Star Wars
James Bond
Horror Movies
Random Quiz
Search Sporcle
×
Quiz Lab
Quiz Lab
Movies
Box Office
Type in answers that appear in a list
Type in answers that appear in a list
Classic
Best Score? Go Orange.
Highest Grossing of 2009 Stats
Can you name the top 50 highest-grossing movies of 2009?
By
TimStarz09
15m
50 Questions
179 Plays
179 Plays
179 Plays
Comments
Comments
Give Quiz Kudos
Give Quiz Kudos
-
- Ratings
hide this ad
More Info
Replay
Link that replays current quiz
Next Quiz
Link to next quiz in quiz playlist
You Got
0%
They Got
Avg Score
27%
Avg Friend Score
Upgrade to see
Score Distribution
Jump to the score distribution portion of the page
Score
0/50
Timer
15:00
0
Plays Today
Rank
Movie Title
% Correct
#39
Avatar
80.4%
#3
Up
73.2%
#1
Transformers: Revenge of the Fallen
64.8%
#5
The Twilight Saga: New Moon
60.9%
#4
The Hangover
60.3%
#2
Harry Potter and the Half-Blood Prince
54.2%
#6
Star Trek
48.6%
#11
The Blind Side
43.6%
#12
The Proposal
35.2%
#22
Inglourious Basterds
35.2%
#15
G.I. Joe: The Rise of Cobra
34.6%
#9
X-Men Origins: Wolverine
34.1%
#24
District 9
34.1%
#20
Terminator Salvation
32.4%
#7
Monsters vs. Aliens
31.3%
#18
Angels and Demons
30.2%
#8
Ice Age: Dawn of the Dinosaurs
28.5%
#13
2012
28.5%
#28
Public Enemies
27.9%
#27
Watchmen
26.8%
#26
Paranormal Activity
25.7%
#21
Cloudy With A Chance of Meatballs
25.1%
#29
Julie & Julia
23.5%
#10
Night At the Museum: Battle of the Smithsonian
22.9%
#19
Disney's A Christmas Carol
22.9%
Rank
Movie Title
% Correct
#35
Where the Wild Things Are
22.9%
#37
Coraline
22.3%
#36
Zombieland
20.7%
#30
He's Just Not That Into You
20.1%
#50
Bruno
20.1%
#17
Taken
19.6%
#41
Michael Jackson's This Is It
19.6%
#23
G-Force
19%
#16
Paul Blart: Mall Cop
18.4%
#32
The Ugly Truth
17.9%
#42
I Love You, Man
17.3%
#14
Fast and Furious
16.8%
#25
Couples Retreat
16.8%
#34
Hannah Montana: The Movie
16.8%
#45
The Final Destination
15.1%
#47
Friday the 13th
15.1%
#33
Knowing
14.5%
#46
The Taking of Pelham 1 2 3
14.5%
#40
Law Abiding Citizen
12.8%
#43
Obsessed
11.7%
#44
Race to Witch Mountain
10.6%
#48
17 Again
10.6%
#49
The Time Traveler's Wife
9.5%
#31
Tyler Perry's Madea Goes to Jail
8.4%
#38
Hotel for Dogs
6.1%
Quiz Playlist
Details
Report
Send in Message
Add To Playlist
More Info:
The gross totals were estimated on 12/20/09.
Classic:
Type in answers that appear in a list
Quiz Source
Last Updated: Feb 16, 2017
Quiz Scoreboard
CHALLENGE
Sign Up to Join the Scoreboard
Show All
Scores
Hide
Comments
May contain spoilers
Recently Published
NBA Finals Game Top Scorers (2010s)
by flibbidy
Sports
5m
Guess the 'R' Things in 3 Words
by MSUKent
Miscellaneous
3m
Actor to Badly Drawn Movie III
by MoMosMoProblems
Movies
5m
More to Explore
Quiz From the Vault
Featured Blog Post
Where Does Lost Luggage Go?
hide this ad
You Might Also Like...
Tags
Box Office Quiz
2009
highest
million
total
Today's Top Quizzes in Movies
Browse Movies
hide this ad
Today's Top Quizzes in Box Office
Browse Box Office
Top Contributed Quizzes in Movies
1
Pixar Reveal II
2
How Long Is the Movie Title?
3
Pixar Reveal III
4
10 Quentin Tarantino Movies in Order
5
Adjectives in 00s Movies
6
Pixar Reveal IV
7
Movie Stars Gone to the Dogs
8
Adjectives in 10s Movies
9
Pixar Reveal V
10
Adjectives in 90s Movies
Explore More
Trending Topics
Crossword
Anime
Harry Potter
Kpop
NBA
Marvel
Disney
The Office
Song
Country
Puzzle
NFL
Pokémon
WWE
Soccer
hide this ad
More By:
TimStarz09
Quiz
Plays
Rating
Category
Featured
Created
Top 25 Mario Games
4,269
3.53
Gaming
Nov 4, 2009
Hairspray Songs
3,386
3.44
Music
Oct 6, 2009
Sims 3 Traits
2,037
4.83
Gaming
Oct 14, 2009
Top 50 Animated Films
2,025
3.72
Movies
Nov 5, 2009
Toontown Gags
1,815
2.53
Gaming
Sep 25, 2009
Go to Creator's Profile
Score Distribution
Quiz Creator Spotlight
TimStarz09
Follow
Send a Message
Quizzes Created
-
Created Quiz Play Count
-
More By This Creator
Popular Quizzes Today
1
Find the US States - No Outlines Minefield
2
Find the US States
3
The Countries of the World
4
10 Largest US States in Order
5
Find the Countries of Europe - No Outlines Minefield
6
US States
7
Guess the 'R' Things in 3 Words
8
NBA Finals Game Top Scorers (2010s)
More Movies Quizzes
Actors in 1989 Movie Posters
Quiz Lab
Trending Quizzes
First Name TV: Leading Men
Match the Book to the Film II
First Name TV: Leading Women Drama
3-Word Movies in 1 Word II
Match the Book to the Film VI
Recently Updated
Women's Final Four Teams by Year
bhenderson79
Presidents Quartet II
eogle
Anything But Clue(do)
eogle
Anything But Oceanian Capitals
eogle
Anything But 7
eogle
Anything But Thing
eogle
Word Ladder: February 29
pecheneg
Song Title Questions
pecheneg
Women's NCAA Tournament #1 Seeds
pecheneg
Celebrity Mug Shots
pecheneg
Trending Topics
NBA
Disney
Harry Potter
Kpop
Crossword
Anime
Marvel
Puzzle
The Office
NFL
WWE
Song
Soccer
Country
Pokémon
Your Account Isn't Verified!
In order to create a playlist on Sporcle, you need to verify the email address you used during registration. Go to your
Sporcle Settings
to finish the process.
Report this User
Report this user for behavior that violates our
Community Guidelines
.
Details:
Send Report
Go to the Sporcle.com Mobile Site →
Comments